| 000 | 01363 a2200241 4500 | ||
|---|---|---|---|
| 001 | 45833 | ||
| 005 | 20260407155730.0 | ||
| 008 | 260407a1992 arg spa d | ||
| 003 | AR-UNSa-BCEJYS | ||
| 040 |
_aAR-UNSa-BCEJYS _bspa _cAR-UNSa-BCEJYS |
||
| 080 |
_a37:331.5 _xEducación y Trabajo |
||
| 245 | 1 | 0 |
_aEducación y trabajo _pdesafíos y perspectivas de investigación y política para la década de los noventa |
| 264 | 1 |
_aBuenos Aires : _bRed Latinoamericana de Educación y Trabajo CIID-CENEP _c1992 |
|
| 300 |
_a2 v. (216, 219-450 p.) _c23 cm. |
||
| 505 | _aPrimera Parte: La educación y el mercado de trabajo en un contexto cambiante – Segunda Parte: Cambio tecnológico, cambio en las calificaciones, educación y capacitación – Tercera Parte: La educación media y técnica ante el desafío actual – Cuarta Parte: La perspectiva de la educación superior – Quinta Parte: Los grupos objetivos críticos en América Latina - | ||
| 041 | _aspa | ||
| 942 | _cBK | ||
| 590 | _aniveau_biblio:m niveau_hierar:0 | ||
| 100 | 1 | _aRed Latinoamericana de Educación y Trabajo CIID-CENEP | |
| 700 | 1 | _aGallart, María Antonia | |
| 700 | 1 | _aCentro interamericano de investigación y documentación sobre formación profesional (CINTERFOR) | |
| 856 | 4 | 1 |
_uhttps://www.biblioeco.unsa.edu.ar/pmb/images/libros/L127197.jpg _yImagen de portada _qimage/jpeg |
| 999 |
_c4015 _d4015 |
||